| 000 | 00603nam a22001575i 4500 | ||
|---|---|---|---|
| 001 | 159843 | ||
| 003 | ES-MaACL | ||
| 005 | 20230906211828.0 | ||
| 008 | 040928s1882 ag |||| | spa d | ||
| 040 |
_aCAM _bspa _cCAM |
||
| 100 | 1 |
_aMitre, Adolfo. _9129998 |
|
| 245 | 1 | 0 |
_aPoesías / _cde Adolfo Mitre. |
| 260 |
_aBuenos Aires : _b[s.n.], _c1882 ( _fImprenta de obras de La Nacion) |
||
| 300 |
_a136, II p. ; _c18 cm. |
||
| 852 |
_aES-MaACL _jT-767-F-4 _z-- Enc. hol. conservando la cub. original _z-- Dedicatoria ms. a la dirección de la "Revista contemporánea", Madrid _z-- Enc. en un vol. facticio |
||
| 999 |
_c159843 _d159843 |
||